000 00726nam a2200229 i 4500
001 C2-0112520
003 PPAK
005 20180727103919.0
008 970703s xx a|||| ||||| | may d
040 _aPPAK
_beng
_cPPAK
_erda
082 0 4 _a630.95951
_223
090 0 0 _a630.95951
_bMOH
_dKK
100 0 _aMohammad b. Jamil,
_eauthor
245 1 0 _aPerkembangan pertanian di Malaysia Barat
264 1 _a[place of publication not identified] :
_b[publisher not identified] ,
_c[date of publication not identified]
300 _a10 pages :
_billustrations ;
_c30 cm
336 _2rdacontent
_atext
337 _2rdamedia
_aunmediated
338 _2rdacarrier
_avolume
650 1 0 _aAgricultural - Malaysia
942 _ddc
_cB
999 _c28329
_d28329